Exposición elevada al Excmo. Sr. Presidente del Consejo de Ministros al objeto de remediar la actual crisis industrial que se siente en Cataluña, según acuerdo del Cuerpo Provincial de 11 de diciembre de 1900 / Diputación Provincial de Barcelona
Descripción Física:
32 p. ; 26 cm
MARC
| LEADER | 00000nam a2200000Ia 4500 | ||
|---|---|---|---|
| 001 | 7851 | ||
| 008 | 160829s1901 xx 000 0 cat d | ||
| 080 | |a RF-9-12 | ||
| 245 | |a Exposición elevada al Excmo. Sr. Presidente del Consejo de Ministros al objeto de remediar la actual crisis industrial que se siente en Cataluña, según acuerdo del Cuerpo Provincial de 11 de diciembre de 1900 / Diputación Provincial de Barcelona | ||
| 260 | |a Barcelona : |b (Tip. del Suc. de F. Sánchez), |c 1901 | ||
| 300 | |a 32 p. ; |c 26 cm | ||
| 590 | |a Hi ha un altre exemplar a 2413, exp. 75. | ||
| 590 | |a Exposició: Modernització i catalanisme, la Diputació de Barcelona ara fa 100 anys | ||
| 650 | |a Indústries |x Catalunya |x 1900 |9 48513 | ||
| 650 | |a Crisis econòmiques |x 1900 |x Catalunya |9 48514 | ||
| 710 | 1 | |a Barcelona (Catalunya : Província). |b Diputació |9 52408 | |
| 856 | 4 | |u https://media.diba.cat/diba/fitxers/arxiu/fulletons/bib_7851_1901_baixa.pdf |y Accés lliure | |
| 856 | 4 | |u https://media.diba.cat/diba/fitxers/arxiu/fulletons/bib_7851_1901_baixa.pdf |y Accés lliure | |
| 856 | |u #M:\BibliotecaDigitalitzada\R07\R7851.pdf | ||
| 901 | |a Arxiu | ||
| 942 | |n 1 |2 udc | ||
| 952 | |0 0 |1 0 |4 0 |6 RF912 |7 1 |9 54618 |a Arxiu |b Arxiu |d 2016-12-01 |l 0 |o RF-9-12 |p 7851 |r 2016-12-01 00:00:00 |w 2016-12-01 |y ARXIU | ||
| 999 | |c 58487 |d 58487 | ||
| 900 | |a bib_7851_1901_baixa.pdf | ||